| 000 | 00702nam a22002297a 4500 | ||
|---|---|---|---|
| 005 | 20130417151540.0 | ||
| 008 | 130417b xxu||||| |||| 00| 0 eng d | ||
| 010 | _aENG-106888 | ||
| 020 |
_a9350590980 _c220.00 |
||
| 020 |
_a9789350590980 _c220.00 |
||
| 035 | _aEN-90421 | ||
| 037 | _bDBAD/PUB | ||
| 040 |
_aDPL _bEng |
||
| 082 | _a363.7 | ||
| 100 | _aVipul Singh | ||
| 245 |
_aThe human footprint on environment : _cby Vipul Singh _bissues in India / |
||
| 260 |
_aGurgaon _bMacmillan Publishers _c2012 |
||
| 270 |
_a3A, 5th Floor, DLF Corporate Park _bGurgaon _e122002 |
||
| 300 |
_axiv,203p. : _c24cm(pbk) _bill. |
||
| 500 | _aIncludes index | ||
| 942 |
_2ddc _cEN _h363.7 _mVIP |
||
| 999 |
_c74686 _d74686 |
||